Euroopan yli 500 000 asukkaan kaupungit kartalla - Statistics

Yleistilastot
  • Tätä visaa on pelattu 76 kertaa
    43 viimeisimmän päivityksen jälkeen
  • Keskiarvotulos 47 / 81
Vastaukset kartalla
Vastauksille on annettu kartalla punavihreä väri sen mukaan, kuinka moni on saanut sen oikein.
 
Vastaustilastot
% Oikein
Helsinki 684 018
97%
Tukholma 995 574
97%
Lontoo 8 776 535
95%
Moskova 13 274 285
95%
Oslo 724 290
95%
Pariisi 2 103 778
95%
Pietari 5 652 922
95%
Milano 1 366 155
92%
Rooma 2 746 984
92%
Berliini 3 685 265
89%
Kööpenhamina 667 099
89%
Riika 591 882
89%
Amsterdam 934 526
86%
Ateena 643 452
86%
Dublin 1 263 219
86%
Kiova 2 952 301
86%
Lissabon 545 796
86%
Minsk 1 995 471
86%
Vilna 592 156
86%
Barcelona 1 713 247
84%
Madrid 3 477 497
84%
Varsova 1 861 599
84%
Wien 2 028 289
84%
Budapest 1 685 209
81%
München 1 505 005
81%
Praha 1 397 880
81%
Sofia 1 295 931
81%
Bryssel 1 255 795
78%
Lyon 519 127
78%
Bukarest 1 716 961
76%
Edinburgh 505 310
76%
Göteborg 608 993
76%
Napoli 908 082
76%
Zagreb 663 592
76%
Harkova 1 421 125
73%
Marseille 886 040
73%
Belgrad 1 197 714
70%
Hampuri 1 862 565
70%
Krakova 806 201
68%
Liverpool 506 552
68%
Torino 856 745
68%
Valéncia 841 558
68%
Birmingham 1 121 408
62%
Köln 1 024 621
62%
Chișinău 567 038
59%
Frankfurt 756 021
59%
Glasgow 631 690
59%
Palermo 625 956
59%
Rotterdam 672 960
59%
Málaga 597 173
57%
Odessa 1 010 537
54%
Sevilla 688 714
54%
Haag 568 945
51%
Leeds 536 321
46%
Düsseldorf 618 685
43%
Lviv 717 273
43%
Stuttgart 612 663
43%
Bremen 586 271
38%
Antwerpen 562 002
35%
Leipzig 611 850
35%
Dortmund 603 462
32%
Genova 563 947
32%
Donetsk 901 645
30%
Dresden 564 904
30%
Nürnberg 529 508
30%
Toulouse 514 819
27%
Essen 574 682
22%
Poznań 538 439
22%
Łódź 652 015
19%
Sheffield 500 552
19%
Zaragoza 699 007
19%
Dnipro 968 502
14%
Wrocław 673 743
14%
Duisburg 502 270
11%
Rostov 1 143 123
5%
Jaroslavl 563 717
3%
Zaporižžja 710 052
3%
Balašiha 544 303
0%
Homel 501 802
0%
Kryvyj Rih 603 904
0%
Rjazan 519 315
0%
Ehtoja vastaavia visoja ei löytynyt
Tulosjakauma
Jokaisen tuloksen saaneiden osuus
Persentiili vastausten määrän mukaan
Tuloshistoriasi
Et ole pelannut tätä visaa sen viimeisimmän päivityksen jälkeen